Geography Quiz

Random Geography or Blitz Quiz

Mapless Asian Capitals Armageddon! Quiz Stats

 Plays Quiz Updated Jun 13, 2018

Challenge
Share
Tweet
Embed
Score 0/49 Timer 01:00
0 Plays Today
% Correct
Beijing
92.1%
Pyongyang
92.1%
Seoul
92.1%
Baghdad
85.4%
Islamabad
81.4%
Ramallah
79.5%
Beirut
79.5%
Amman
79.5%
Jerusalem
79.5%
Damascus
79.5%
Yerevan
77.5%
Kuwait City
77.1%
Ankara
76.6%
Tokyo
76.1%
New Delhi
75.7%
Kathmandu
73.8%
Tehran
73.4%
Bangkok
72.3%
Vientiane
72.3%
Singapore
71.5%
Tbilisi
70%
Riyadh
69.1%
Hanoi
69%
Dushanbe
67.6%
Jakarta
66.9%
% Correct
Tashkent
65.4%
Abu Dhabi
64.9%
Doha
64.9%
Moscow
63.4%
Baku
63.4%
Manama
60.8%
Ashgabat
60.1%
Naypyidaw
60.1%
Bishkek
57.8%
Kabul
57.6%
Phnom Penh
55.3%
Kuala Lumpur
50.9%
Astana
46.4%
Muscat
45.1%
Manila
42.2%
Dhaka
38.6%
Thimphu
37.1%
Sri-Jaya. Kotte
30.7%
Male
30.7%
Dili
26.9%
Taipei
26.3%
Ulaanbaatar
23.5%
Sana'a
20.5%
Bandar Seri Begawan
10.5%

You're not logged in!

Compare scores with friends on all Sporcle quizzes.
Join for Free
OR
Log In

You Might Also Like...

Show Comments

Extras

Top Quizzes Today


Score Distribution

Your Account Isn't Verified!

In order to create a playlist on Sporcle, you need to verify the email address you used during registration. Go to your Sporcle Settings to finish the process.

Report this User

Report this user for behavior that violates our Community Guidelines.

Details: